al-Qiyas dalam perbahasan ilmu kalam menurut al-Amidi : terjemahan dan analisis teks terpilih daripada kitab Abkar al-Afkar /
Saved in:
| Main Author: | |
|---|---|
| Format: | Thesis Book |
| Language: | Malay |
| Published: |
2022.
|
| Subjects: | |
| Online Access: | http://studentsrepo.um.edu.my/14450/ |
| Tags: |
Add Tag
No Tags, Be the first to tag this record!
|
| LEADER | 01258nam a2200301 i 4500 | ||
|---|---|---|---|
| 001 | u1160251 | ||
| 003 | SIRSI | ||
| 005 | 202301060941 | ||
| 008 | 230106s2022 my a 000 0 may | ||
| 040 | |a UMA |d AUM |e rda | ||
| 094 | |a BP42 |b A2 UM 2022 Ruzi | ||
| 100 | 0 | |a Ruzaimi Ibrahim, |e author. | |
| 245 | 1 | 0 | |a al-Qiyas dalam perbahasan ilmu kalam menurut al-Amidi : |b terjemahan dan analisis teks terpilih daripada kitab Abkar al-Afkar / |c Ruzaimi Ibrahim. |
| 264 | 1 | |c 2022. | |
| 300 | |a xiii, 171 leaves : |b illustrations ; |c 30 cm. | ||
| 336 | |a text |2 rdacontent | ||
| 337 | |a unmediated |2 rdamedia | ||
| 338 | |a volume |2 rdacarrier | ||
| 502 | |b M.Usuluddin |c Jabatan Akidah dan Pemikiran Islam, Akademi Pengajian Islam, Universiti Malaya |d 2022. | ||
| 504 | |a Bibliography: leaves 167-171. | ||
| 530 | |a Issued also in CD. | ||
| 650 | 0 | |a Islam |x Doctrines. | |
| 710 | |a Universiti Malaya. |b Jabatan Akidah dan Pemikiran Islam. | ||
| 856 | 4 | 1 | |u http://studentsrepo.um.edu.my/14450/ |
| 900 | |a RJ | ||
| 596 | |a 12 25 | ||
| 999 | |a BP42 A2 UM 2022 RUZI |w LC |c 1 |i A517799190 |f 20/1/2023 |g 1 |l STACKS |m P12ISLAMKL |r Y |s Y |t TESIS |u 20/1/2023 |1 AHSS | ||
| 999 | |a BP42 A2 UM 2022 RUZI |w LC |c 1 |i A516745840 |f 25/5/2023 |g 1 |l STACKS |m P25UMARCHI |r N |s Y |t CD |u 25/5/2023 |1 AHSS |o .STAFF. MST-CD2482 | ||
